| 000 -LEADER |
| fixed length control field |
00737nam a22002537a 4500 |
| 001 - CONTROL NUMBER |
| control field |
9337 |
| 003 - CONTROL NUMBER IDENTIFIER |
| control field |
BD-DhUAP |
| 005 - DATE AND TIME OF LATEST TRANSACTION |
| control field |
20210121163522.0 |
| 008 - FIXED-LENGTH DATA ELEMENTS--GENERAL INFORMATION |
| fixed length control field |
200209r20052003ii 001 0 eng d |
| 040 ## - CATALOGING SOURCE |
| Original cataloging agency |
HVL |
| Transcribing agency |
HVL |
| Language of cataloging |
Eng |
| Modifying agency |
BD-DhUAP |
| 082 00 - DEWEY DECIMAL CLASSIFICATION NUMBER |
| Edition number |
23 |
| Classification number |
345.5405 MIT |
| 100 ## - MAIN ENTRY--PERSONAL NAME |
| Personal name |
Mitra, B. B. |
| 245 14 - TITLE STATEMENT |
| Title |
Code of criminal procedure,1973 : |
| Remainder of title |
(Act 2 of 1974) / |
| Statement of responsibility, etc. |
B. B. Mitra ; Edited by S. R. Roy. |
| 250 ## - EDITION STATEMENT |
| Edition statement |
20th ed. |
| 260 ## - PUBLICATION, DISTRIBUTION, ETC. |
| Place of publication, distribution, etc. |
Kolkata : |
| Name of publisher, distributor, etc. |
Kamal law house, |
| Date of publication, distribution, etc. |
c2003 [Reprinted 2005]. |
| 300 ## - PHYSICAL DESCRIPTION |
| Extent |
Volumes ; |
| Dimensions |
24 cm. |
| 504 ## - BIBLIOGRAPHY, ETC. NOTE |
| Bibliography, etc. note |
Includes index. |
| 505 ## - FORMATTED CONTENTS NOTE |
| Formatted contents note |
V. 1-- |
| 650 #0 - SUBJECT ADDED ENTRY--TOPICAL TERM |
| Topical term or geographic name entry element |
Criminal Procedure |
| Geographic subdivision |
India. |
| 700 ## - ADDED ENTRY--PERSONAL NAME |
| Personal name |
Roy, S. R. |
| 942 00 - ADDED ENTRY ELEMENTS (KOHA) |
| Source of classification or shelving scheme |
|
| Koha item type |
Book |